00509nam a22001337a 4500008004100000020001800041082002000059100002800079245010000107260004400207300002000251650007700271700002700348150320b xxu||||| |||| 00| 0 eng d a9789977129723 a199.492bM 938a aMoya Bedoya, Juan Diego aLa agonia de la preternaturalidad la confutacion Spinoziana del milagrocJuan Diego Moya Bedoya aSan Jose, C.R.bEditorial Arlekinc2007 a504 p.c21.5 cm xSpinoza, Benedictus de,xOntologíaxMilagrosxFilosofía y religión aJuan Diego Moya Bedoya